000 00708nam a2200289Ia 4500
005 20260324131542.0
008 008 260324s9999 xx 000 0 eng d
020 _a9781003233954
037 _aEBOOK
040 _aCRL
040 _beng
040 _cCRL
041 _2eng
041 _aeng
084 _qCRL
100 _aKaren K. Schulz
_91180608
245 0 _aCrime Scene Detective
245 0 _bUsing Science and Critical Thinking to Solve Crimes (Grades 5-8)
260 _bTaylor and Francis
260 _c2006
365 _a
365 _b72.99
856 _uhttp://www.taylorfrancis.com/books/9781003233954
942 _cEBOOK
999 _c1783203
_d1783203